Sports Quiz

Random Sports Quiz
Score 0/11 Timer 04:00
0 Plays Today
Positions Name of Player % Correct
MLBRay Lewis
99.7%
RDTTony Siragusa
79.3%
LLBPeter Boulware
72.4%
FSRod Woodson
70%
RCBChris McAlister
63.2%
LDTSam Adams
59.8%
LCBDuane Starks
55.7%
RLBJaime Sharper
54.5%
RDEMichael McCrary
50.5%
SSKim Herring
40.2%
LDERob Burnett
35.9%
Remove Ads.
Support Sporcle.
Get the best of Sporcle when you Go Orange. This ad-free experience offers more features, more stats, and more fun while also helping to support Sporcle. Thank you for becoming a member.

You're not logged in!

Compare scores with friends on all Sporcle quizzes.
OR
Log In

Show Comments

Extras

Created Oct 25, 2010ReportNominate
Tags:Baltimore Ravens

Top Quizzes Today


Score Distribution

Your Account Isn't Verified!

In order to create a playlist on Sporcle, you need to verify the email address you used during registration. Go to your Sporcle Settings to finish the process.

Report this User

Report this user for behavior that violates our Community Guidelines.

Details: